ბათუმის შოთა რუსთაველის სახელმწიფო უნივერსიტეტის ბიბლიოთეკა

ჩანაწერი Topical Term

ჩანაწერთა რაოდენობა, რომელიც გამოყენებულია: 1

001 - CONTROL NUMBER

  • control field: 22669

003 - CONTROL NUMBER IDENTIFIER

  • control field: GE_BSU

005 - DATE AND TIME OF LATEST TRANSACTION

  • control field: 20240703103546.0

008 - FIXED-LENGTH DATA ELEMENTS

  • fixed length control field: 240703|| aca||aabn | a|a d

040 ## - CATALOGING SOURCE

  • Original cataloging agency: GE_BSU
  • Transcribing agency: GE_BSU

150 ## - HEADING--TOPICAL TERM

  • Topical term or geographic name entry element: Humanities
  • General subdivision: Research
  • General subdivision: Methodology.

670 ## - SOURCE DATA FOUND

  • Source citation: Work cat.: (GE_BSU)0: Gournelos, Ted, 1979- author. 22667, Doing academic research :